| 000 | 02744nam a22003617a 4500 | ||
|---|---|---|---|
| 001 | 104249 | ||
| 003 | KnowledgeUnlatched | ||
| 005 | 20210303104937.0 | ||
| 006 | m o d | ||
| 007 | cr u|||||||||| | ||
| 008 | 210129p20202020xx o u00| u eng d | ||
| 037 | _5BiblioBoard | ||
| 245 | 0 | 0 |
_aCommerce, finance and statecraft _bHistories of England, 1600-1780 / _cBen Dew. |
| 020 | _a9781526151605 | ||
| 029 | 1 | _ahttps://library.biblioboard.com/ext/api/media/461bed07-6851-499c-9f06-80e61071c133/assets/thumbnail.jpg | |
| 040 |
_aScCtBLL _cScCtBLL |
||
| 100 | 1 |
_aDew, Ben _eauthor. |
|
| 264 | 1 | _bManchester University Press, | |
| 300 | _a1 online resource (1 p.) | ||
| 506 | 0 |
_aAccess copy available to the general public. _fUnrestricted _2star |
|
| 520 | _aIn the seventeenth and eighteenth centuries, historians of England pioneered a series of new approaches to the history of economic policy. Commerce, finance and statecraft charts the development of these forms of writing and explores the role they played in the period's economic, political and historiographical thought. Through doing so, the book makes a significant intervention in the study of historiography, and provides an original account of early-modern and Enlightenment history. A broad selection of historical writing is discussed, ranging from the work of Francis Bacon and William Camden in the Jacobean era, through a series of accounts shaped by the English Civil War and the party-political conflicts that followed it, to the eighteenth-century's major account of British history: David Hume's History of England. Particular attention is paid to the historiographical context in which historians worked and the various ways they copied, adapted and contested one another's narratives. Such an approach enables the study to demonstrate that historical writing was the site of a wide-ranging, politically charged debate concerning the relationship that existed - and should have existed - between government and commerce at various moments in England's past. | ||
| 588 | 0 | _aDescription based on print version record. | |
| 590 | _aKU Select 2019: HSS Backlist Books | ||
| 650 | 7 |
_aBusiness & Economics / Economic History _2bisacsh |
|
| 650 | 7 |
_aHistory / Europe / Great Britain _2bisacsh |
|
| 650 | 0 | _aEconomics | |
| 655 | 0 | _aElectronic books. | |
| 758 |
_iIs found in: _aKnowledge Unlatched _1https://openresearchlibrary.org/module/2774bc74-146a-484f-a7ba-ab1d6a09bbfb |
||
| 856 | 4 | 0 |
_uhttps://openresearchlibrary.org/content/461bed07-6851-499c-9f06-80e61071c133 _zView this content on Open Research Library. _70 |
| 999 |
_c33055 _d33055 |
||